| 000 | 00744cam a2200313 4500 | ||
|---|---|---|---|
| 008 | 090401t1995 xxu||||| |||| 00| 0 eng d | ||
| 020 | _a1857284119 | ||
| 035 | _a(Sirsi) u63329 | ||
| 041 | _aeng | ||
| 050 | _a306.1094 | ||
| 100 | _aMcCrone, Gavin | ||
| 245 | _aHousing policy in Britain and Europe. | ||
| 260 |
_aLondon _bUCL Press _c1995 |
||
| 300 | _axiii,293p. ; 24cm. | ||
| 350 | _a14.95 | ||
| 650 | _aFRANCE | ||
| 650 | _aGERMANY | ||
| 650 | _aHOUSING MARKET | ||
| 650 | _aHOUSING POLICY | ||
| 650 | _aNETHERLANDS | ||
| 650 | _aPRIVATE RENTED SECTOR | ||
| 650 | _aSOCIAL HOUSING | ||
| 650 | _aSPAIN | ||
| 650 | _aSWEDEN | ||
| 690 | _aHOUSING | ||
| 700 | _aStephens, Mark | ||
| 942 | _n0 | ||
| 948 | _c04/03/1997 | ||
| 999 |
_c94532 _d94532 |
||